[Event "XII Weekend A"]
[Site "Ceriano Laghetto ITA"]
[Date "2003.02.01"]
[Round "4"]
[White "Lapiccirella, Daniele"]
[Black "Gagliardi, Christian"]
[Result "0-1"]
[WhiteElo "2099"]
[BlackElo "2138"]
[PlyCount "62"]
[EventDate "2003.01.25"]

1. d4 Nf6 2. c4 g6 3. Nc3 Bg7 4. e4 d6 5. f3 O-O 6. Be3 c5 7. Nge2 Nc6 8. Qd2
b6 9. d5 Ne5 10. Ng3 h5 11. h4 a6 12. Be2 Bd7 13. O-O Rb8 14. a4 Nh7 15. f4 Ng4
16. Bxg4 Bxg4 17. f5 Bf6 18. Bg5 Nxg5 19. hxg5 Bd4+ 20. Kh1 Qd7 21. Qd3 Be5 22.
Nge2 Kg7 23. Ng1 f6 24. fxg6 fxg5 25. Rxf8 Rxf8 26. Rf1 Qe8 27. Nf3 Bxf3 28.
Rxf3 Rxf3 29. Qxf3 Qxg6 30. Nd1 Qf6 31. Qe2 Qf4 0-1

[Event "XII Weekend A"]
[Site "Ceriano Laghetto ITA"]
[Date "2003.02.01"]
[Round "4"]
[White "Lapiccirella, Mattia"]
[Black "La Torre, Giovanni"]
[Result "1-0"]
[WhiteElo "2193"]
[BlackElo "2064"]
[PlyCount "48"]
[EventDate "2003.01.25"]

1. d4 Nf6 2. c4 c5 3. d5 e6 4. Nc3 exd5 5. cxd5 d6 6. Nf3 g6 7. Nd2 Bg7 8. e4
O-O 9. Be2 Re8 10. O-O Nbd7 11. f4 a6 12. a4 Rb8 13. Kh1 c4 14. e5 dxe5 15.
Nxc4 e4 16. f5 Nb6 17. fxg6 hxg6 18. Bf4 Nxc4 19. Bxc4 Bg4 20. Qb3 Rc8 21. d6
Qd7 22. Nd5 Nxd5 23. Bxd5 Be6 24. Qxb7 Bxd5 1-0

[Event "XII Weekend A"]
[Site "Ceriano Laghetto ITA"]
[Date "2003.02.01"]
[Round "4"]
[White "Pelizzola, Danilo"]
[Black "Bertazzo, Giorgio"]
[Result "1/2-1/2"]
[WhiteElo "1905"]
[BlackElo "2114"]
[PlyCount "153"]
[EventDate "2003.01.25"]

1. e4 c5 2. Nf3 d6 3. d4 cxd4 4. Nxd4 Nf6 5. Nc3 a6 6. Be2 e5 7. Nb3 Be7 8. Be3
Be6 9. O-O O-O 10. a4 Nbd7 11. f4 exf4 12. Rxf4 Ne5 13. Nd4 Qc7 14. Nxe6 fxe6
15. Qd4 Nfd7 16. Rxf8+ Bxf8 17. Rd1 Rc8 18. h3 Qc5 19. Qd2 Qc6 20. Qc1 Nc5 21.
Rd4 Ncd7 22. Qd1 Be7 23. Bg4 Nf8 24. Kh1 Nc4 25. Bc1 Bf6 26. Rd3 Rd8 27. Bf3
Ne5 28. Rd2 Bg5 29. Rf2 Bxc1 30. Qxc1 Qc5 31. Rf1 b5 32. axb5 axb5 33. Qg5 Re8
34. Bh5 g6 35. Bd1 b4 36. Ne2 Nfd7 37. Ng3 Rf8 38. Rxf8+ Nxf8 39. Nh5 Qf2 40.
Kh2 Qf1 41. Bg4 Qf2 42. Nf4 Kf7 43. Be2 Qd4 44. Nd3 Qxe4 45. Nxe5+ Qxe5+ 46.
Qxe5 dxe5 47. Bb5 g5 48. Kg1 h6 49. Kf2 Ng6 50. g3 Ne7 51. c3 bxc3 52. bxc3 Nf5
53. Be2 Ke7 54. Bh5 Kd6 55. Bf7 Ne7 56. Ke3 Nd5+ 57. Kd2 Nf6 58. Bg6 Kd5 59.
Ke3 Nd7 60. Bb1 Nf6 61. Bd3 Nh5 62. Kf2 Nf6 63. Ke3 Nh5 64. Kf2 e4 65. Bb1 Ke5
66. Ba2 Nf6 67. Ke3 Nh5 68. Kf2 Nf6 69. Ke3 Nd7 70. Bb3 Nf6 71. Bd1 Nd5+ 72.
Kd2 Ne7 73. Ke3 Nf5+ 74. Kf2 Nd6 75. Ke3 Nc4+ 76. Ke2 Nd6 77. Ke3 1/2-1/2

[Event "XII Weekend A"]
[Site "Ceriano Laghetto ITA"]
[Date "2003.02.01"]
[Round "4"]
[White "Sbarra, Marco"]
[Black "Barlocco, Carlo"]
[Result "1-0"]
[WhiteElo "2220"]
[BlackElo "2160"]
[PlyCount "45"]
[EventDate "2003.01.25"]

1. e4 d5 2. Nc3 dxe4 3. Nxe4 e5 4. Bc4 Be7 5. Qh5 Nh6 6. d3 O-O 7. Bxh6 gxh6 8.
Nf3 Nc6 9. Qxh6 Bf5 10. Ng3 Bg6 11. h4 Nd4 12. Nxd4 exd4 13. Qf4 Re8 14. Kf1 h5
15. Qh6 Qd6 16. Ne2 Bxh4 17. Rxh4 Rxe2 18. Qg5 Rae8 19. Rf4 Kf8 20. Bb3 c5 21.
Qh6+ Ke7 22. Bxf7 Re5 23. Qxg6 1-0

[Event "XII Weekend A"]
[Site "Ceriano Laghetto ITA"]
[Date "2003.02.02"]
[Round "5"]
[White "Barlocco, Carlo"]
[Black "Cazzaniga, Walter"]
[Result "0-1"]
[WhiteElo "2160"]
[BlackElo "2094"]
[PlyCount "92"]
[EventDate "2003.01.25"]

1. g3 Nf6 2. Bg2 c5 3. Nf3 Nc6 4. d4 cxd4 5. Nxd4 g6 6. O-O Bg7 7. c4 O-O 8.
Nc3 Ng4 9. Nc2 d6 10. Rb1 Bd7 11. h3 Nge5 12. Ne3 f5 13. f4 Nf7 14. Nc2 Rc8 15.
Nd5 e6 16. Nde3 a6 17. b3 Qe7 18. Ba3 Rfd8 19. Ne1 b5 20. Nf3 b4 21. Bb2 a5 22.
Bxg7 Kxg7 23. Rb2 Qf6 24. Rd2 Be8 25. Kh2 h6 26. Nc2 Ne7 27. Ncd4 e5 28. fxe5
dxe5 29. Nb5 Bxb5 30. cxb5 e4 31. Ne1 Qe5 32. b6 Nd5 33. b7 Rb8 34. Nc2 Rxb7
35. e3 Rbd7 36. Qe1 h5 37. h4 Nh6 38. Bh3 Nf6 39. Rxd7+ Rxd7 40. Qc1 Nhg4+ 41.
Bxg4 Nxg4+ 42. Kh3 Rd3 43. Re1 Qc3 44. Re2 Kh7 45. Kg2 Rxe3 46. Rxe3 Qxc2+ 0-1

[Event "XII Weekend A"]
[Site "Ceriano Laghetto ITA"]
[Date "2003.02.02"]
[Round "5"]
[White "Bertazzo, Giorgio"]
[Black "Bozzali, Ermanno"]
[Result "1/2-1/2"]
[WhiteElo "2114"]
[BlackElo "2135"]
[PlyCount "143"]
[EventDate "2003.01.25"]

1. e4 c5 2. Nf3 d6 3. d4 cxd4 4. Nxd4 Nf6 5. f3 e6 6. c4 a6 7. Nc3 Qc7 8. Be3
Nbd7 9. Be2 Be7 10. O-O b6 11. Rc1 Bb7 12. Qd2 Rc8 13. Rfd1 O-O 14. Bf1 Qb8 15.
Qf2 Rfe8 16. b3 d5 17. cxd5 Bd6 18. g3 exd5 19. exd5 Ba3 20. Rc2 Rxc3 21. Rxc3
Nxd5 22. Rcd3 Ne5 23. Bd2 Bc5 24. Bc3 Nxd3 25. Rxd3 Nxc3 26. Rxc3 Qe5 27. Rxc5
Qxc5 28. Nc2 Bxf3 29. Qxc5 bxc5 30. Kf2 Bc6 31. Ne3 Bb5 32. Bg2 a5 33. a4 Bd3
34. Bd5 Re5 35. Kf3 Rxd5 36. Nxd5 Bc2 37. Ne7+ Kf8 38. Nc6 Bxb3 39. Nxa5 Bxa4
40. Ke4 Ke7 41. Kd5 Kf6 42. Nb7 Bb3+ 43. Kxc5 Kg5 44. Kd4 h5 45. Ke3 Kg4 46.
Kf2 g5 47. Nc5 Be6 48. Ne4 Kf5 49. Nd2 Bd5 50. Ke3 h4 51. gxh4 gxh4 52. Nb1 Kg4
53. Kf2 f5 54. Nd2 Kf4 55. Nb1 Ke5 56. Nc3 Bc6 57. Ne2 f4 58. Ng1 Kf5 59. Ne2
Bd5 60. Nc3 Bc6 61. Ne2 Kg4 62. Nd4 Bb7 63. Ne2 Ba6 64. Nd4 Bd3 65. Nf3 Be4 66.
Nd2 Bd5 67. Nb1 f3 68. Nc3 Bc6 69. Nb1 Kh3 70. Kg1 f2+ 71. Kxf2 Kxh2 72. Nd2
1/2-1/2

[Event "XII Weekend A"]
[Site "Ceriano Laghetto ITA"]
[Date "2003.02.02"]
[Round "5"]
[White "Bonazzi, Edoardo"]
[Black "Lapiccirella, Daniele"]
[Result "1/2-1/2"]
[WhiteElo "2135"]
[BlackElo "2099"]
[PlyCount "71"]
[EventDate "2003.01.25"]

1. e4 c5 2. Nc3 e6 3. Nge2 Nc6 4. g3 g6 5. d4 d6 6. Bg2 Bg7 7. dxc5 dxc5 8.
Qxd8+ Kxd8 9. Be3 b6 10. O-O-O+ Ke7 11. e5 Bb7 12. Bg5+ f6 13. exf6+ Bxf6 14.
Bxf6+ Nxf6 15. Rhe1 Na5 16. Bxb7 Nxb7 17. Nf4 Nd8 18. Ncd5+ Nxd5 19. Rxd5 Rc8
20. Rd3 g5 21. Nd5+ Kf7 22. Nc3 Rc7 23. Ne4 h6 24. Red1 Ke7 25. Nd6 Rf8 26. Nb5
Rb7 27. Nd6 Rc7 28. Nc4 Nc6 29. f3 Nd4 30. Ne5 Rf5 31. Re1 Kf6 32. Rde3 Re7 33.
Ng4+ Kg7 34. Ne5 Kf6 35. Ng4+ Kg7 36. Ne5 1/2-1/2

[Event "XII Weekend A"]
[Site "Ceriano Laghetto ITA"]
[Date "2003.02.02"]
[Round "5"]
[White "Contin, Daniel"]
[Black "Sbarra, Marco"]
[Result "1/2-1/2"]
[WhiteElo "2330"]
[BlackElo "2220"]
[PlyCount "79"]
[EventDate "2003.01.25"]

1. c4 e6 2. Nf3 d5 3. b3 c5 4. g3 Nc6 5. Bg2 Nf6 6. O-O Be7 7. e3 O-O 8. Qe2 e5
9. cxd5 Nxd5 10. d3 Be6 11. Bb2 Qc7 12. Rd1 Rad8 13. Nbd2 Rfe8 14. Ne4 f6 15.
Rac1 Qb6 16. d4 cxd4 17. exd4 exd4 18. Neg5 Bf5 19. Nxd4 Nxd4 20. Bxd4 Qa5 21.
Bc5 Bxc5 22. Bxd5+ Kf8 23. Qh5 Rd7 24. Be6 Rxd1+ 25. Rxd1 Bxe6 26. Nxh7+ Ke7
27. Qg6 Qc3 28. Qxg7+ Bf7 29. Ng5 Rf8 30. Ne4 Qe5 31. Nxc5 Qxc5 32. Re1+ Kd7
33. Qxf6 Bd5 34. Qg7+ Kc8 35. Qb2 Bc6 36. Qe2 Qd5 37. Qe6+ Qxe6 38. Rxe6 Kd7
39. Re5 Kd6 40. f4 1/2-1/2

[Event "XII Weekend A"]
[Site "Ceriano Laghetto ITA"]
[Date "2003.02.02"]
[Round "5"]
[White "Gagliardi, Christian"]
[Black "Lapiccirella, Mattia"]
[Result "1-0"]
[WhiteElo "2138"]
[BlackElo "2193"]
[PlyCount "53"]
[EventDate "2003.01.25"]

1. Nf3 Nf6 2. g3 c5 3. Bg2 Nc6 4. O-O e6 5. d3 Be7 6. e4 d5 7. Nbd2 Qc7 8. Re1
O-O 9. e5 Nd7 10. Qe2 b5 11. Nf1 a5 12. h4 Ba6 13. Bf4 b4 14. Qd2 Rfc8 15. h5
a4 16. h6 g6 17. Ne3 b3 18. axb3 axb3 19. Nxd5 exd5 20. e6 Bd6 21. exf7+ Kh8
22. Bxd6 Qxd6 23. Rxa6 Rxa6 24. Re8+ Nf8 25. Rxc8 Ra1+ 26. Kh2 Nd8 27. Qg5 1-0

[Event "XII Weekend A"]
[Site "Ceriano Laghetto ITA"]
[Date "2003.02.02"]
[Round "5"]
[White "Vezzosi, Paolo"]
[Black "Del Rio Angelis, Salvador Gabriel"]
[Result "1-0"]
[WhiteElo "2379"]
[BlackElo "2487"]
[PlyCount "89"]
[EventDate "2003.01.25"]

1. Nf3 d5 2. g3 Nf6 3. Bg2 g6 4. b3 Bg7 5. Bb2 c5 6. O-O O-O 7. c4 d4 8. b4
Nfd7 9. b5 e5 10. d3 a5 11. Nbd2 Ra7 12. Qc2 b6 13. e3 f5 14. exd4 cxd4 15.
Rae1 Re8 16. Ba3 Nc5 17. Nb3 Nbd7 18. Nfd2 Bb7 19. Bxb7 Rxb7 20. Nxc5 Nxc5 21.
Bxc5 bxc5 22. Qa4 h5 23. Nb3 h4 24. Qxa5 Qf6 25. Nxc5 Rbe7 26. b6 hxg3 27. hxg3
Bf8 28. Qb5 Rd8 29. Kg2 e4 30. b7 f4 31. Nxe4 f3+ 32. Kg1 Qh8 33. Ng5 Rh7 34.
Nxh7 Qxh7 35. Qc6 Qh5 36. Re6 Qh3 37. Rxg6+ Kh7 38. Qxf3 Kxg6 39. Qf4 Bd6 40.
Qxd6+ Rxd6 41. b8=Q Rd7 42. Rb1 Qf5 43. Qg8+ Rg7 44. Rb6+ Kh5 45. Qh8+ 1-0

[Event "XII Weekend A"]
[Site "Ceriano Laghetto ITA"]
[Date "2003.02.02"]
[Round "5"]
[White "Zacco, Remo"]
[Black "Pelizzola, Danilo"]
[Result "1-0"]
[WhiteElo "2093"]
[BlackElo "1905"]
[PlyCount "121"]
[EventDate "2003.01.25"]

1. e4 c5 2. Nf3 Nc6 3. Bb5 d6 4. O-O Bd7 5. c3 Nf6 6. Re1 e6 7. d4 Be7 8. d5
Ne5 9. Bf1 Nxf3+ 10. Qxf3 e5 11. Na3 O-O 12. Bd3 a6 13. c4 Rb8 14. Qe2 Qe8 15.
Nc2 Kh8 16. a3 Ng8 17. Ne3 g6 18. g4 Bg5 19. b4 b6 20. Qf3 Kg7 21. h3 Bf4 22.
Bb2 f6 23. Ng2 g5 24. h4 Qc8 25. Be2 Nh6 26. Nxf4 gxf4 27. g5 Ng8 28. Qg2 fxg5
29. hxg5 Bh3 30. Qf3 Rb7 31. Kh2 Bd7 32. Rh1 Be8 33. Rab1 Bg6 34. Bc3 Qd7 35.
b5 a5 36. Rbg1 Qd8 37. Rg2 Rff7 38. Kg1 Kf8 39. Bd3 Rg7 40. Kf1 Rbf7 41. Be2
Ke8 42. Qd3 Ne7 43. Bg4 Rf8 44. Be6 Ng8 45. f3 Qe7 46. Qe2 Bf7 47. Bf5 Rxg5 48.
Rxh7 Rxg2 49. Qxg2 Nf6 50. Rxf7 Rxf7 51. Bg6 Kf8 52. Bxf7 Kxf7 53. Qh3 Qe8 54.
Be1 Kg7 55. Bh4 Qg6 56. Qe6 Qf7 57. Qxd6 Nd7 58. Bd8 Kg8 59. Qe6 Kf8 60. Bc7
Qh7 61. Bd6+ 1-0

[Event "XII Weekend A"]
[Site "Ceriano Laghetto ITA"]
[Date "2003.02.02"]
[Round "6"]
[White "Bozzali, Ermanno"]
[Black "Pelizzola, Danilo"]
[Result "1/2-1/2"]
[WhiteElo "2135"]
[BlackElo "1905"]
[PlyCount "159"]
[EventDate "2003.01.25"]

1. e4 c5 2. Nf3 Nc6 3. Bb5 a6 4. Bxc6 bxc6 5. b3 d5 6. e5 Bg4 7. Bb2 e6 8. Nc3
Qc7 9. Qe2 Ne7 10. O-O-O Nf5 11. Rde1 Nd4 12. Qd3 Bf5 13. Qf1 Nxc2 14. Nh4 Nxe1
15. Nxf5 Nxg2 16. Nd6+ Bxd6 17. exd6 Qxd6 18. Qxg2 d4 19. Ne4 Qd5 20. d3 f5 21.
Qxg7 O-O-O 22. Qa7 fxe4 23. Qxa6+ Kc7 24. Qa7+ Kd6 25. Rg1 Rhg8 26. Re1 exd3
27. Qxh7 Qg5+ 28. Kb1 d2 29. Rd1 Qg6+ 30. Qxg6 Rxg6 31. Rxd2 Rg2 32. Ba3 e5 33.
Rc2 Kc7 34. Bxc5 Rxh2 35. Re2 Rd7 36. Kb2 e4 37. Rxe4 Rxf2+ 38. Ka3 d3 39. Bxf2
d2 40. Re1 dxe1=Q 41. Bxe1 Kd6 42. Kb4 Kd5 43. a4 c5+ 44. Ka3 Re7 45. Ba5 Re3
46. Kb2 Kd4 47. Bb6 Re2+ 48. Ka3 Kd5 49. a5 Re1 50. Kb2 Kc6 51. Bd8 Kb5 52. Bc7
Re3 53. Kc2 Rf3 54. Bb6 Rf2+ 55. Kc3 Ra2 56. Bd8 Ra3 57. Be7 Ra1 58. Bd8 Ra2
59. Be7 Ra3 60. Bf8 Kc6 61. Kc4 Ra1 62. b4 Rc1+ 63. Kb3 c4+ 64. Kb2 Rf1 65. Bc5
Kb5 66. Kc2 Rh1 67. Bd6 Rh3 68. Be7 Rf3 69. Bd6 Rf2+ 70. Kc3 Ra2 71. Be7 Ra3+
72. Kb2 Ka4 73. a6 c3+ 74. Kc2 Kb5 75. Bc5 Kc4 76. a7 Ra2+ 77. Kb1 Kb3 78. Bd4
Re2 79. Bxc3 Ra2 80. Bd4 1/2-1/2

[Event "XII Weekend A"]
[Site "Ceriano Laghetto ITA"]
[Date "2003.02.02"]
[Round "6"]
[White "Contin, Daniel"]
[Black "Gagliardi, Christian"]
[Result "1-0"]
[WhiteElo "2330"]
[BlackElo "2138"]
[PlyCount "71"]
[EventDate "2003.01.25"]

1. c4 Nf6 2. Nc3 g6 3. g3 Bg7 4. Bg2 O-O 5. d3 d6 6. Rb1 e5 7. e3 Nc6 8. Nge2
Bg4 9. h3 Be6 10. Nd5 Qd7 11. Qa4 a5 12. a3 Bf5 13. e4 Be6 14. Be3 Rfb8 15. Qc2
Ne8 16. h4 h5 17. O-O Bh3 18. b4 Bxg2 19. Kxg2 axb4 20. axb4 Qd8 21. Bg5 Qd7
22. b5 Nd4 23. Nxd4 exd4 24. c5 dxc5 25. Qxc5 b6 26. Qc4 Nd6 27. Qxc7 Qxc7 28.
Nxc7 Ra3 29. Bf4 Bf8 30. Rfd1 Rb7 31. Nd5 Ne8 32. Ra1 Rba7 33. Rxa3 Rxa3 34.
Nxb6 Rb3 35. Nd5 Rxb5 36. Ra1 1-0

[Event "XII Weekend A"]
[Site "Ceriano Laghetto ITA"]
[Date "2003.02.02"]
[Round "6"]
[White "Del Rio Angelis, Salvador Gabriel"]
[Black "Cazzaniga, Walter"]
[Result "1-0"]
[WhiteElo "2487"]
[BlackElo "2094"]
[PlyCount "111"]
[EventDate "2003.01.25"]

1. e4 e6 2. d4 d5 3. Nc3 Bb4 4. e5 c5 5. a3 Bxc3+ 6. bxc3 Ne7 7. h4 Nbc6 8. h5
h6 9. Nf3 Qc7 10. Be2 Bd7 11. O-O O-O-O 12. Bf4 c4 13. Qd2 Rh7 14. Rfb1 Rg8 15.
Nh2 Nb8 16. a4 Bc6 17. Nf1 Nd7 18. a5 Kb8 19. Bh2 Ka8 20. Ne3 Qd8 21. Bg4 Nf8
22. Bh3 g6 23. hxg6 Nexg6 24. Kh1 h5 25. f4 Nh4 26. Qf2 f5 27. exf6 Qxf6 28. f5
Nd7 29. Rf1 exf5 30. Bg3 Ng6 31. Qxf5 h4 32. Bh2 Qxf5 33. Rxf5 Ne7 34. Rf2 a6
35. Raf1 Nc8 36. Rf5 Ne7 37. Rf7 Rxf7 38. Rxf7 Re8 39. Bd6 Nc8 40. Bxd7 Bxd7
41. Rxd7 Nxd6 42. Nxd5 Nb5 43. Kh2 Ka7 44. Rh7 Rd8 45. Rh5 Na3 46. Kh3 Nxc2 47.
Kxh4 Na3 48. g4 Nb5 49. Re5 Rh8+ 50. Kg3 Rh1 51. g5 Rc1 52. Kh4 Nxc3 53. Nb6
Ra1 54. g6 Nb5 55. g7 Nxd4 56. Re8 1-0

[Event "XII Weekend A"]
[Site "Ceriano Laghetto ITA"]
[Date "2003.02.02"]
[Round "6"]
[White "La Torre, Giovanni"]
[Black "Bertazzo, Giorgio"]
[Result "1/2-1/2"]
[WhiteElo "2064"]
[BlackElo "2114"]
[PlyCount "70"]
[EventDate "2003.01.25"]

1. Nf3 Nf6 2. g3 d5 3. Bg2 c6 4. d3 Nbd7 5. Nbd2 e5 6. e4 dxe4 7. dxe4 Bc5 8.
Qe2 O-O 9. O-O a5 10. Nc4 Re8 11. Bg5 h6 12. Bxf6 Qxf6 13. Ne3 Nb6 14. b3 Nd7
15. Rad1 Bxe3 16. Qxe3 a4 17. Rd2 Qe7 18. Rfd1 axb3 19. axb3 Nf6 20. h3 Qc7 21.
Rd6 Re6 22. R6d2 Re8 23. Rd6 Re6 24. Rd8+ Re8 25. R8d6 Re6 26. R6d2 Re8 27. g4
Nh7 28. Rd6 f6 29. Nh4 Be6 30. Qd2 Ng5 31. Nf5 Nf7 32. Rd3 Red8 33. Qb4 Rxd3
34. Rxd3 Rd8 35. Rxd8+ Nxd8 1/2-1/2

[Event "XII Weekend A"]
[Site "Ceriano Laghetto ITA"]
[Date "2003.02.02"]
[Round "6"]
[White "Sbarra, Marco"]
[Black "Vezzosi, Paolo"]
[Result "1/2-1/2"]
[WhiteElo "2220"]
[BlackElo "2379"]
[PlyCount "47"]
[EventDate "2003.01.25"]

1. e4 c6 2. d4 d5 3. f3 g6 4. Nc3 Bg7 5. Be3 Qb6 6. Qd2 dxe4 7. Na4 Qd8 8. fxe4
Nf6 9. Nc3 Ng4 10. Nf3 Nxe3 11. Qxe3 Bg4 12. O-O-O Nd7 13. h3 Bxf3 14. Qxf3 e5
15. d5 Qg5+ 16. Kb1 Nf6 17. dxc6 bxc6 18. Bc4 Qf4 19. Rhf1 Qxf3 20. Rxf3 Rd8
21. Rxd8+ Kxd8 22. Bxf7 Kc7 23. Bc4 Rd8 24. Bd3 1/2-1/2

[Event "XII Weekend A"]
[Site "Ceriano Laghetto ITA"]
[Date "2003.02.02"]
[Round "6"]
[White "Zacco, Remo"]
[Black "Barlocco, Carlo"]
[Result "0-1"]
[WhiteElo "2093"]
[BlackElo "2160"]
[PlyCount "126"]
[EventDate "2003.01.25"]

1. e4 g6 2. f4 d5 3. exd5 Qxd5 4. Nc3 Qa5 5. Nf3 Bg4 6. Be2 Nc6 7. O-O Bg7 8.
Ne4 Nf6 9. Nxf6+ Bxf6 10. c3 e6 11. d4 Ne7 12. Qb3 Qb6 13. Qa4+ c6 14. Bc4 Bxf3
15. Rxf3 O-O 16. Qb3 Qc7 17. Bd2 b5 18. Be2 Nd5 19. Raf1 h5 20. Qc2 Ne7 21. Qe4
Nf5 22. Be1 Rfd8 23. h3 h4 24. Rd3 Kg7 25. Bg4 Nd6 26. Qe2 a5 27. b3 Rd7 28.
Bf2 Qd8 29. Rdd1 Ne8 30. Qe4 Rd6 31. Be2 a4 32. Qc2 Rd7 33. Bf3 axb3 34. axb3
Ra6 35. Ra1 Rda7 36. Rxa6 Rxa6 37. Rd1 Qb8 38. Qd2 Nd6 39. Rc1 Qa8 40. Qe1 Nf5
41. Be4 Qd8 42. Rd1 Ra2 43. Bxc6 b4 44. Be4 bxc3 45. Bxf5 c2 46. Bxc2 Rxc2 47.
Qe4 Rb2 48. Rd3 Qa5 49. d5 Qa1+ 50. Be1 Rb1 51. Kf1 exd5 52. Qe2 Bc3 53. Rxc3
Qxc3 54. Qe5+ Qxe5 55. fxe5 g5 56. b4 Kg6 57. Ke2 Kf5 58. Bc3 d4 59. Bxd4 Rxb4
60. Bc3 Rb3 61. Ba1 Ke4 62. Kf2 Ra3 63. e6 Ra2+ 0-1